Пособие для изучения правил технической эксплуатации электрических станций и сетей; Электрическое оборудование

Opis bibliograficzny
Język:rosyjski
Wydane: Москва, Изд-во НЦ ЭНАС, 2000
Hasła przedmiotowe:
Format: Książka
KOHA link:https://koha.lib.tpu.ru/cgi-bin/koha/opac-detail.pl?biblionumber=27202

MARC

LEADER 00000nam0a2200000 4500
001 27202
005 20231030202043.0
010 |a 5931960252 
035 |a (RuTPU)RU\TPU\book\27451 
035 |a BOOK00000072 
090 |a 27202 
100 |a 20011209d2000 m y0rusy50 ca 
101 0 |a rus 
102 |a RU 
105 |a y gj 000zy 
200 1 |a Пособие для изучения правил технической эксплуатации электрических станций и сетей  |a Электрическое оборудование 
210 |a Москва  |c Изд-во НЦ ЭНАС  |d 2000 
215 |a 356 с. 
320 |a Библиогр.: с. 354. 
451 1 |0 (RuTPU)RU\TPU\book\70805  |y 5-93196-394-4  |t Пособие для изучения правил технической эксплуатации электрических станций и сетей. Электрическое оборудование  |f Под ред. Ф. Л. Когана  |c М.  |n НЦ ЭНАС  |d 2004  |p 352 с. 
451 1 |0 (RuTPU)RU\TPU\book\44743  |t Пособие для изучения "Правил технической эксплуатации электрических станций и сетей"   |o В 3-х кн.  |c М.  |n Энергия  |d 1979  |p 339 с. 
451 |t Кн. 3. Разд. 6. Электрическое оборудование 
451 |t Кн. 3. Разд. 7. Оперативно-диспетчерское управление  |f Под ред. К. М. Антипова 
610 1 |a электрические станции 
610 1 |a электрические сети 
610 1 |a эксплуатация 
610 1 |a техническая эксплуатация 
610 1 |a электрическое оборудование 
610 1 |a правила 
610 1 |a учебные пособия 
675 |a 621.311.2.002.5-83(07)  |v 3 
675 |a 621.311.1.004(07)  |v 3 
801 0 |a RU  |b 63413507  |c 20011209  |g PSBO 
801 2 |a RU  |b 63413507  |c 20091119  |g PSBO 
900 |a Надежность работы электростанций 
900 |a Технологическая автоматика электрических станций 
942 |c BK